| 000 | 00585cab a2200241 4500 | ||
|---|---|---|---|
| 001 | X1106 | ||
| 008 | 090401t1993 xxu||||| |||| 00| 0 eng d | ||
| 035 | _a(Sirsi) u14717 | ||
| 041 | _aeng | ||
| 245 | _a1993 sheep trading quota | ||
| 260 | _c1993 | ||
| 350 | _a0 | ||
| 490 |
_aCS Monthly : Rural Practice _v3(2) October 1993, 2(1) |
||
| 650 |
_aAuctioneering _96218 |
||
| 650 | _aLEASED QUOTAS | ||
| 650 | _aLODGE AND THOMAS | ||
| 650 | _aPURCHASED QUOTAS | ||
| 650 | _aSHEEP QUOTAS | ||
| 650 | _aTRADING | ||
| 690 | _aRURAL PRACTICE | ||
| 942 | _n0 | ||
| 948 | _c04/03/1997 | ||
| 999 |
_c9603 _d9603 |
||